Science Quiz

Random Science or Animal Quiz

Non-Mammals Starting with D-E Quiz Stats

 Plays Quiz not verified by Sporcle

Score 0/10 Timer 08:00
5 Plays Today
% Correct
Duck
97.6%
Eagle
97.6%
Emu
95.2%
Dove
93.2%
Eel
90.8%
Dragonfly
90.3%
Emperor Penguin
89.4%
Diplodocus
87.9%
Dung Beetle
87.4%
Egret
67.1%

You're not logged in!

Compare scores with friends on all Sporcle quizzes.
OR
Log In

Show Comments

Extras

Top Quizzes Today


Score Distribution

Your Account Isn't Verified!

In order to create a playlist on Sporcle, you need to verify the email address you used during registration. Go to your Sporcle Settings to finish the process.

Report this User

Report this user for behavior that violates our Community Guidelines.

Details: